| 000 | 00899nam a2200301Ia 4500 | ||
|---|---|---|---|
| 001 | 76401 | ||
| 003 | IT-RoPAU | ||
| 008 | 130308s9999 xx 000 0 und d | ||
| 040 | _aIT-RoPAU | ||
| 040 | _cIT-RoPAU | ||
| 041 | _aINGLESE | ||
| 100 | _aPutnam Linda L. | ||
| 100 | _gCodice Aut. SPICS: 26557 | ||
| 245 | _aBargaining as organizational communication | ||
| 245 | _bOrganizational Communication: Traditional Themes And New Directions | ||
| 250 | _a2a ed. | ||
| 260 | _aLONDON | ||
| 260 | _bSage Publications B.H. | ||
| 260 | _c1985 [1° Ed.:1985 - Ed.Ling.Originale:1985] | ||
| 300 | _a"20 p. (prefazione: no ; testo: 20 [pagine: 129-148])" | ||
| 500 | _aContrattazione Come Organizzazione della Comunicazione Comunicazione e Negoziazione | ||
| 650 | _aSOCIOLOGIA | ||
| 650 | _eCodice materia Spics: 3651 | ||
| 942 | _cBK | ||
| 957 | _71 | ||
| 999 |
_c42481 _d42481 |
||
| 999 | _bSI | ||
| 999 | _g1 | ||